L- SP200 INTERMEDIATE SPANISH TEXT AND WORKBOOK (Record no. 25143)

MARC details
000 -LEADER
fixed length control field 00411nam a22001697a 4500
003 - CONTROL NUMBER IDENTIFIER
control field OSt
005 - DATE AND TIME OF LATEST TRANSACTION
control field 20211230092039.0
008 - FIXED-LENGTH DATA ELEMENTS--GENERAL INFORMATION
fixed length control field 211230b |||||||| |||| 00| 0 eng d
020 ## - INTERNATIONAL STANDARD BOOK NUMBER
International Standard Book Number 9781308208381
040 ## - CATALOGING SOURCE
Transcribing agency HU
082 ## - DEWEY DECIMAL CLASSIFICATION NUMBER
Classification number 2421
100 ## - MAIN ENTRY--PERSONAL NAME
Personal name FOERSTER SHARON W,
9 (RLIN) 26216
245 ## - TITLE STATEMENT
Title L- SP200 INTERMEDIATE SPANISH TEXT AND WORKBOOK
260 ## - PUBLICATION, DISTRIBUTION, ETC.
Place of publication, distribution, etc. USA
Name of publisher, distributor, etc. HALL
Date of publication, distribution, etc. 2011
300 ## - PHYSICAL DESCRIPTION
Extent 245
942 ## - ADDED ENTRY ELEMENTS (KOHA)
Source of classification or shelving scheme Dewey Decimal Classification
Koha item type Books like text book referance book
Suppress in OPAC No
Holdings
Withdrawn status Lost status Source of classification or shelving scheme Damaged status Not for loan Home library Current library Shelving location Date acquired Total Checkouts Full call number Barcode Date last seen Copy number Price effective from Koha item type
    Dewey Decimal Classification     Social Library Social Library General Stacks 12/30/2021   468,2421/FOE SHLIB 00011393 12/30/2021 C1 12/30/2021 Books like text book referance book